Birds and birding on the Mississippi coast /

Bibliographic Details
Main Author: Toups, Judith A., 1930-
Other Authors: Jackson, Jerome A., King, Dalton Shourds
Format: Book
Language:English
Published: Jackson : University Press of Mississippi, [1987]
Subjects:

MARC

Tag First Indicator Second Indicator Subfields
LEADER 00000cam a22000008a 4500
001 in00000011181
005 20151007052013.0
008 870205s1987 msuab b 00110 eng
010 |a  87002216  
020 |a 0878053166 
035 |a (OCoLC)15317375 
035 |9 AAA5854AM 
040 |a DLC  |c DLC  |d m/c  |d TXA  |d UtOrBLW 
043 |a n-us-ms  |a nm----- 
049 |a TXAM  |c [A11035316] 
050 0 0 |a QL684.M7  |b T68 1987 
082 0 |a 598/.07234762  |2 19 
100 1 |a Toups, Judith A.,  |d 1930- 
245 1 0 |a Birds and birding on the Mississippi coast /  |c by Judith A. Toups and Jerome A. Jackson ; illustrated by Dalton Shourds King ; with a foreword by Susan Roney Drennan. 
264 1 |a Jackson :  |b University Press of Mississippi,  |c [1987] 
264 4 |c ©1987 
300 |a xvi, 303 pages :  |b illustrations, maps 
336 |a text  |b txt  |2 rdacontent 
337 |a unmediated  |b n  |2 rdamedia 
338 |a volume  |b nc  |2 rdacarrier 
504 |a Bibliography: pages 283-289. 
500 |a Includes indexes. 
650 0 |a Bird watching  |z Mississippi. 
650 0 |a Birds  |z Mississippi. 
650 0 |a Bird watching  |z Gulf Coast (U.S.) 
650 0 |a Birds  |z Gulf Coast (U.S.) 
700 1 |a Jackson, Jerome A. 
700 1 |a King, Dalton Shourds. 
999 |a MARS 
999 f f |s 876a87d6-30cd-3b71-bcc7-f10fc621a4e9  |i edf15fe0-3fd7-323f-af3e-0f4be561293d  |t 0 
952 f f |p ric  |a Texas A&M University  |b Rellis Campus  |c Joint Library Facility  |d Remote Storage  |t 0  |e QL684.M7 T68 1987  |h Library of Congress classification  |i unmediated -- volume  |m A14811035316 
998 f f |a QL684.M7 T68 1987  |t 0  |l Remote Storage